000 00415cam a22001337a 4500
008 180718b1961 xxu||||| |||| 00| 0 eng d
082 _aA6x56 R668
100 _aRondot, Pierre
245 _aChanging patterns of the middle East.
_cby Pierre Rondot translated by Mary Dilke
260 _aLondon
_bChatto & Windus
_c1961
300 _a221p
650 _aMiddle East -History -20th century.
700 _aDilke, Mary, tr
999 _c412795
_d412795